LEADER 01650nam 2200397 a 450 001 9910695072303321 005 20060418161347.0 035 $a(CKB)5470000002365995 035 $a(OCoLC)66912636 035 $a(EXLCZ)995470000002365995 100 $a20060418d2005 ua 0 101 0 $aeng 135 $aurmn|---||||| 181 $ctxt$2rdacontent 182 $cc$2rdamedia 183 $acr$2rdacarrier 200 10$aHomeland Security$b[electronic resource] $eDHS needs to improve ethics-related management controls for the Science and Technology Directorate : report to the Ranking Minority Member, Committee on Homeland Security and Governmental Affairs, United States Senate 210 1$a[Washington, D.C.] :$cU.S. Government Accountability Office,$d[2005] 215 $aii, 24 pages $cdigital, PDF file 300 $aTitle from title screen (viewed on Jan. 17, 2006). 300 $a"December 2005." 300 $aPaper version available from: U.S. Government Accountability Office, 441 G St., NW, Rm. LM, Washington, D.C. 20548. 300 $a"GAO-06-206." 320 $aIncludes bibliographical references. 517 $aHomeland Security 606 $aResearch and development contracts, Government$zUnited States 606 $aConflict of interests$zUnited States 615 0$aResearch and development contracts, Government 615 0$aConflict of interests 712 02$aUnited States.$bCongress.$bSenate.$bCommittee on Homeland Security and Governmental Affairs. 801 0$bGPO 801 1$bGPO 906 $aBOOK 912 $a9910695072303321 996 $aHomeland Security$91686681 997 $aUNINA